Tæl på dansk / Count in Danish - Statistics

General Stats
  • This quiz has been taken 66 times
  • The average score is 20 of 20
Answer Stats
Ord Nummer % Correct
nul 0
100%
en / et 1
100%
ti 10
100%
et hundrede 100
100%
elleve 11
100%
tolv 12
100%
fjorten 14
100%
femten 15
100%
seksten 16
100%
sytten 17
100%
atten 18
100%
nitten 19
100%
to 2
100%
tyve 20
100%
enogtyve 21
100%
toogtyve 22
100%
treogtyve 23
100%
fireogtyve 24
100%
femogtyve 25
100%
seksogtyve 26
100%
syvogtyve 27
100%
otteogtyve 28
100%
niogtyve 29
100%
tre 3
100%
enogtredive 31
100%
toogtredive 32
100%
treogtredive 33
100%
fireogtredive 34
100%
femogtredive 35
100%
seksogtredive 36
100%
syvogtredive 37
100%
otteogtredive 38
100%
niogtredive 39
100%
fire 4
100%
fyrre 40
100%
enogfyrre 41
100%
treogfyrre 43
100%
fireogfyrre 44
100%
femogfyrre 45
100%
syvogfyrre 47
100%
otteogfyrre 48
100%
niogfyrre 49
100%
fem 5
100%
halvtreds 50
100%
enoghalvtreds 51
100%
tooghalvtreds 52
100%
fireoghalvtreds 54
100%
femoghalvtreds 55
100%
seksoghalvtreds 56
100%
syvoghalvtreds 57
100%
otteoghalvtreds 58
100%
nioghalvtreds 59
100%
seks 6
100%
treds 60
100%
enogtreds 61
100%
toogtreds 62
100%
treogtres 63
100%
fireogtreds 64
100%
femogtres 65
100%
syvogtreds 67
100%
otteogtreds 68
100%
niogtreds 69
100%
syv 7
100%
halvfjerds 70
100%
tooghalvfjerds 72
100%
treoghalvfjerds 73
100%
fireoghalvfjerds 74
100%
femoghalvfjerds 75
100%
syvoghalvfjerds 77
100%
otteoghalvfjerds 78
100%
nioghalvfjerds 79
100%
otte 8
100%
firs 80
100%
enogfirs 81
100%
toogfirs 82
100%
treogfirs 83
100%
femogfirs 85
100%
seksogfirs 86
100%
syvogfirs 87
100%
otteogfirs 88
100%
niogfirs 89
100%
ni 9
100%
enoghalvfems 91
100%
tooghalvfems 92
100%
treoghalvfems 93
100%
fireoghalvfems 94
100%
femoghalvfems 95
100%
seksoghalvfems 96
100%
syvoghalvfems 97
100%
otteoghalvfems 98
100%
nioghalvfems 99
100%
seksogtreds 66
89%
seksogfyrre 46
88%
treoghalvtreds 53
88%
toogfyrre 42
86%
fireogfirs 84
86%
halvfems 90
83%
tretten 13
80%
tredive 30
80%
enoghalvfjerds 71
78%
seksoghalvfjerds 76
71%
No matching quizzes found
Score Distribution
Percent of People with Each Score
Percentile by Number Answered
Your Score History
You have not taken this quiz